000 00442nam a2200181Ia 4500
001 5010
005 20260306145836.0
008 260306t2000||||xx |||||||||||||| ||spa||
041 _aESP
082 _a332.6
_bS69
100 _aSosa de la Cruz, Clifor Daniel
_eAUT
245 0 _aCómo elaborar un proyecto de inversión turístico
260 _c2000
300 _a
_c21 cm.
650 _aGEN
654 _aCAN
942 _cLIB
_dJUS
_fJUS
_2ddc
_n
999 _c5010
_d5010